ბათუმის შოთა რუსთაველის სახელმწიფო უნივერსიტეტის ბიბლიოთეკა

თხზულებათა სრული კრებული : 15 ტომად. ტ.6 (ბიბ.ჩანაწერი № 48744)

000 -LEADER
fixed length control field 00992nam a2200229Ia 4500
001 - CONTROL NUMBER
control field 15644
003 - CONTROL NUMBER IDENTIFIER
control field GE_BSU
008 - FIXED-LENGTH DATA ELEMENTS--GENERAL INFORMATION
fixed length control field 181216s||||||||xx |||||||||||||| ||und||
040 ## - CATALOGING SOURCE
Transcribing agency GE_BSU
080 ## - UNIVERSAL DECIMAL CLASSIFICATION NUMBER
Universal Decimal Classification number 821.353.1-1 + 821.353.1-2
100 ## - MAIN ENTRY--PERSONAL NAME
Personal name წერეთელი, ა.
245 ## - TITLE STATEMENT
Title თხზულებათა სრული კრებული : 15 ტომად. ტ.6
245 ## - TITLE STATEMENT
Remainder of title დრამატიული ნაწერები ლექსად
245 ## - TITLE STATEMENT
Statement of responsibility, etc. სარედ.კოლ.გ.აბზიანიძე.ტექსტი და ვარიანტები დაამუშავა ს. ყუბანეიშვილმა
260 ## - PUBLICATION, DISTRIBUTION, ETC.
Place of publication, distribution, etc. თბილისი
260 ## - PUBLICATION, DISTRIBUTION, ETC.
Name of publisher, distributor, etc. სახელგამი
260 ## - PUBLICATION, DISTRIBUTION, ETC.
Date of publication, distribution, etc. 1956
300 ## - PHYSICAL DESCRIPTION
Extent 412 გვ..18 მ
653 ## - INDEX TERM--UNCONTROLLED
Uncontrolled term თხზულებათა სრული კრებული
653 ## - INDEX TERM--UNCONTROLLED
Uncontrolled term თხზულებათა სრული კრებული
942 ## - ADDED ENTRY ELEMENTS (KOHA)
Koha item type წიგნი
ეგზემპლარები
Withdrawn status Lost status Damaged status Not for loan Date acquired Barcode Date last seen Price effective from Koha item type
        2018-12-17 38835 2018-12-17 2018-12-17 წიგნი
        2018-12-17 38836 2018-12-17 2018-12-17 წიგნი
        2018-12-17 38837 2018-12-17 2018-12-17 წიგნი
        2018-12-17 38838 2018-12-17 2018-12-17 წიგნი